Statistiques concernant Vrai/Faux : Homonymes de départements français 1

Cliquez ici pour prendre le quiz!

Statistiques générales

  • Ce quiz a été pris 26 fois
  • Le résultat moyen est 26 sur 50

Statistiques - réponses

HintRéponse% Correct
Cher signifie onéreuxVRAI
79%
Aube est une cabane en anglaisFAUX
75%
Allier est un affluent de la LoireVRAI
75%
Côte d'or est le nom d'un restaurantVRAI
75%
Finistère est le département numéroté 29VRAI
75%
Corse est un île de MéditerranéeVRAI
75%
Ariège est un affluent de la DordogneFAUX
71%
Hérault est le département numéroté 34VRAI
71%
Cher signifie "bon accueil"FAUX
67%
Drôme est un appareil sans piloteFAUX
67%
Creuse est le département numéroté 21FAUX
63%
Doubs est une commune de Seine-et-MarneFAUX
63%
Finistère est un journal argentinFAUX
63%
Corse est une appellation de vinVRAI
63%
Aveyron est un fromage de chèvreFAUX
58%
Finistère est un cap espagnolFAUX
58%
Corse est un jeu vidéoFAUX
58%
Dordogne est un fromageFAUX
58%
Aube est avant l'auroreVRAI
58%
Eure est le nom d'un bateau militaireVRAI
58%
Gard est un affluent du RhôneVRAI
58%
Drôme est une appelation d'huile d'oliveFAUX
54%
Eure est le département numéroté 28FAUX
54%
Côte d'or est une appellation de vinFAUX
54%
Gard Hamish est un rugbyman néo-zélandaisVRAI
54%
Gard est un quartier de LilleFAUX
50%
Hérault est un vaisseau de guerre de l'EmpireFAUX
50%
Aube Hyacinthe était un amiralVRAI
50%
Gard est une appellation de vinVRAI
50%
Aude est la fiancée de RolandVRAI
50%
Allier est une commune des Hautes-PyrénéesVRAI
50%
Gard est une halte de chemin de ferFAUX
46%
Ardèche Théodore était un cardinal françaisFAUX
46%
Gers est un fromage de brebisFAUX
46%
Allier Gabriel était un historien françaisFAUX
46%
Ardèche est un mont du Massif centralFAUX
46%
Aisne est un morceau de peau de moutonFAUX
42%
Aisne est un affluent de l'EscautFAUX
42%
Corrèze est un mont du Massif centralFAUX
42%
Corse est le nom d'une frégateFAUX
42%
Cher est un tissu musculaireFAUX
42%
Aube est un affluent de l'OiseVRAI
42%
Ain est une lettre en araméenFAUX
38%
Finistère est le nom d'un album de Dan ar BrazFAUX
38%
Aude est un lac des PyrénéesVRAI
38%
Ardennes est une ville belgeFAUX
33%
Finistère était un aviso françaisFAUX
33%
Gers est un lac de Haute-SavoieVRAI
33%
Ardennes est une rivière bretonneVRAI
29%
Finistère est un cap bretonFAUX
17%

Distribution des résultats

Percentile par nombre de réponses

% des personnes avec chaque résultat

Votre développement - résultats

Vous n’avez pas pris ce quiz